Statistiques concernant Joueurs LEC Spring split 2023

Cliquez ici pour prendre le quiz!

Statistiques générales

  • Ce quiz a été pris 56 fois
  • Le résultat moyen est 8 sur 10

Statistiques - réponses

HintTopJungleMidADCSupport% Correct
BDSAdamSheoNucCrownieLabrov
96%
G2BrokenBladeYikeCapsHans samaMikyx
93%
ExcelOdoamneXerxeLider / VetheoPatrickLimit
87%
VitalityPhotonBoPerkzUpsetKaiser
85%
KOISzygendaMalrangLarssenCompTrymbi
78%
Mad LionsChasyElyoyaNisqyCarzzyHylissang
76%
AstralisFinn113LiderKobbeJeongHoon
74%
SKIrrelevantMarkoonSertussExakickDoss
70%
FNATICOscarininRazorkHumanoidRekklesAdvienne
70%
Team HereticsEviJankosRubyJackspektraMersa
65%

Distribution des résultats

Percentile par nombre de réponses

% des personnes avec chaque résultat

Votre développement - résultats

Vous n’avez pas pris ce quiz